| 000 | 00455nam a2200169Ia 4500 | ||
|---|---|---|---|
| 999 |
_c9092 _d9092 |
||
| 020 | _a9781138290785 | ||
| 082 | _a320.954 HAN | ||
| 245 | 0 | _aHandbook of South Asia: political development | |
| 260 |
_aLondon _bRoutledge _c2017 |
||
| 300 | _avi, 387p | ||
| 504 | _aIncludes Index | ||
| 650 |
_aPolitical science _zSouth Asia |
||
| 650 | _aPolitical development | ||
| 650 | _aContemporary political history | ||
| 700 | _aEuropa Publications | ||
| 942 | _cBK | ||